Valuation in a declining market (global) (Record no. 111761)

MARC details
000 -LEADER
fixed length control field 01106cad a22001935a 4500
001 - CONTROL NUMBER
control field E151960
008 - FIXED-LENGTH DATA ELEMENTS--GENERAL INFORMATION
fixed length control field 110117q2009 xxk f 000 0 eng d
035 ## - SYSTEM CONTROL NUMBER
System control number (Sirsi) u151960
041 0# - LANGUAGE CODE
Language code of text/sound track or separate title eng
110 2# - MAIN ENTRY--CORPORATE NAME
Corporate name or jurisdiction name as entry element Royal Institution of Chartered Surveyors
9 (RLIN) 4900
245 00 - TITLE STATEMENT
Title Valuation in a declining market (global)
Medium [electronic resource]
260 ## - PUBLICATION, DISTRIBUTION, ETC.
Place of publication, distribution, etc. [London]
Name of publisher, distributor, etc. RICS
Date of publication, distribution, etc. [2009?]
520 ## - SUMMARY, ETC.
Summary, etc. RICS position paper on valuation in a declining market. The valuation of property assets in the declining market is unusually challenging because of the reduction in the number of comparable transactions in a rapidly declining economic climate. To maintain valuation standards, RICS reinforced the principles set out in Guidance Note 5 (GN5) of its Red Book in March 2009, which defines and outlines recommendations on how to tackle valuation uncertainty.
590 ## - LOCAL NOTE (RLIN)
Local note KA
651 #4 - SUBJECT ADDED ENTRY--GEOGRAPHIC NAME
Geographic name United Kingdom
Chronological subdivision
690 ## - LOCAL SUBJECT ADDED ENTRY--TOPICAL TERM (OCLC, RLIN)
Topical term or geographic name as entry element PROPERTY-PROPERTY APPRAISAL AND VALUATION
856 40 - ELECTRONIC LOCATION AND ACCESS
Uniform Resource Identifier <a href="https://www.rics.org/Global/Downloads/2009_valuation_in_a_declining_market.pdf">https://www.rics.org/Global/Downloads/2009_valuation_in_a_declining_market.pdf</a>
Public note View the item free of charge at www.rics.org
942 ## - ADDED ENTRY ELEMENTS (KOHA)
Suppress in OPAC 0
Holdings
Withdrawn status Lost status Source of classification or shelving scheme Damaged status Not for loan Home library Current library Shelving location Date acquired Total Checkouts Full call number Barcode Date last seen Copy number Price effective from Koha item type
    Dewey Decimal Classification     Virtual Virtual Online 17/01/2011   ONLINE PUBLICATION 151960-1001 06/08/2019 1 06/08/2019 Book